| 000 | 01075nam a2200253Ia 4500 | ||
|---|---|---|---|
| 001 | 18175 | ||
| 003 | GE_BSU | ||
| 008 | 181216s||||||||xx |||||||||||||| ||und|| | ||
| 040 | _cGE_BSU | ||
| 080 | _a811.161.1(072) | ||
| 245 | _aრაც მტრობას დაუნგრევია | ||
| 245 | _bმეთოდ. სახელმძღვ. რუსული ენის მასწ. (მე-7 კლ.). დაამტკიცა საქართველოს განათლების სამინისტრომ | ||
| 245 | _cავტ.: ნ. გვარამია. ანა ხუროშვილი | ||
| 250 | _aწითელი ჯვრის საერთაშორისო კომიტეტი | ||
| 260 | _aთბილისი | ||
| 260 | _bსი-ჯი-ესი | ||
| 260 | _c2004 | ||
| 300 | _a24გვ. ; 21სმ | ||
| 300 | _eბიბლ. | ||
| 541 | _h2 ლ. | ||
| 653 | _aრაც მტრობას დაუნგრევია | ||
| 653 | _aრუსული ენა | ||
| 942 | _cBK | ||
| 999 |
_c51215 _d51215 |
||